000 00761nam a2200241Ia 4500
003 OSt
005 20220923211458.0
006 a|||||r|||| 00| 0
007 ta
008 Pun
020 _a9789351132035 (pbk)
_c150
024 _a290,709
037 _b964, 16/12/2015, H.K. Prakashan
_cTextual
040 _aARTS
_cARTS
_bPun
041 _2Pun
_aPun
082 _aMY2xNMIw, 153Q3
100 _aਸਾਂਵਲਕਾ, ਸੋਨੀਆ
_9156369
245 0 _aਭਾਗ ਮਿਲਖਾ ਭਾਗ
260 _aਚੰਡੀਗੜ੍ਹ
_b ਯੂਨੀਸਟਾਰ
_c2013
300 _a168ਪੰ
_ccm.
942 _hMY2xNMIw, 153Q3
_cTEXL
_2CC
999 _c299945
_d299945